Pedagogía fundamental / (Record no. 45579)

MARC details
000 -LEADER
campo de control de longitud fija 00742nam a2200229 i 4500
001 - NÚMERO DE CONTROL
campo de control 45579
003 - IDENTIFICADOR DE NÚMERO DE CONTROL
campo de control ES-MaACL
005 - FECHA Y HORA DE LA ÚLTIMA TRANSACCIÓN
campo de control 20250828004901.0
007 - CAMPO FIJO DE DESCRIPCIÓN FÍSICA--INFORMACIÓN GENERAL
campo de control de longitud fija t|
008 - DATOS DE LONGITUD FIJA--INFORMACIÓN GENERAL
campo de control de longitud fija 030326s1936 sp ||||1| spa d
100 1# - ENTRADA PRINCIPAL--NOMBRE DE PERSONA
Nombre de persona Cohn, Jonas.
9 (RLIN) 39522
245 10 - MENCIÓN DEL TÍTULO
Título Pedagogía fundamental /
Mención de responsabilidad, etc. Jonás Cohn ; traducción del alemán de F. Carmona Nenclares.
250 ## - MENCION DE EDICION
Mención de edición 2ª ed.
260 ## - PUBLICACIÓN, DISTRIBUCIÓN, ETC.
Lugar de publicación, distribución, etc. Madrid :
Nombre del editor, distribuidor, etc. Revista de Pedagogía,
Fecha de publicación, distribución, etc. [1936] (
Fabricante Tip. Nacional)
300 ## - DESCRIPCIÓN FÍSICA
Extensión 318 p. ;
Dimensiones 24 cm.
490 1# - MENCIÓN DE SERIE
Mención de serie Biblioteca de pedagogía ;
Designación de volumen o secuencia 9
650 07 - PUNTO DE ACCESO ADICIONAL DE MATERIA--TÉRMINO DE MATERIA
Término de materia o nombre geográfico como elemento de entrada Pedagogía
Fuente del encabezamiento o término embne
9 (RLIN) 15904
700 1# - ENTRADA AGREGADA--NOMBRE PERSONAL
Nombre de persona Carmona Nenclares, Francisco.
9 (RLIN) 35350
830 0# - PUNTO DE ACCESO ADICIONAL DE SERIE-TÍTULO UNIFORME
Título uniforme Biblioteca de pedagogía ;
Designación de volumen o secuencia 9
9 (RLIN) 229940
852 ## - LOCALIZACIÓN
Ubicación ES-MaACL
Número de control de estantería B-13389
Sublocalización o colección R.18457
Holdings
Estatus retirado Estado de pérdida Estado de daño No para préstamo Biblioteca de origen Biblioteca actual Ubicación en estantería Fecha de adquisición Fuente de adquisición Total de préstamos Signatura topográfica completa Código de barras Visto por última vez Precio de reemplazo Tipo de ítem Koha
        Biblioteca del Ateneo de Madrid Biblioteca del Ateneo de Madrid Sala Pardo Bazán 17/01/2008     B-13389 1047954 23/02/2023 23/02/2023 Libro impreso